| 000 -CABECERA |
| Longitud fija campo de control |
01128nam a2200265 u 4500 |
| 001 - NÚMERO DE CONTROL |
| Número de control |
991061176876706706 |
| 003 - IDENTIFICADOR DEL NÚMERO DE CONTROL |
| Identificador del número de control |
OSt |
| 005 - FECHA Y HORA DE LA ÚLTIMA TRANSACCIÓN |
| Fecha y hora de la última transacción |
20240905144202.0 |
| 008 - CÓDIGOS DE INFORMACIÓN DE LONGITUD FIJA |
| Códigos de información de longitud fija |
s2021 xx r 000 0 cat d |
| 020 ## - NÚMERO INTERNACIONAL NORMALIZADO PARA LIBROS |
| Número Internacional Normalizado para Libros (ISBN) |
9788419206084 |
| 040 ## - FUENTE DE LA CATALOGACIÓN |
| Lengua de catalogación |
cat |
| Centro transcriptor |
CDMR |
| 100 ## - PUNTO DE ACCESO PRINCIPAL-NOMBRE DE PERSONA |
| Nombre de persona |
Levi, Simona |
| 9 (RLIN) |
4964 |
| 245 ## - MENCIÓN DE TÍTULO |
| Título |
Digitalització democràtica |
| Resto del título |
: sobirania digital per a les persones |
| Mención de responsabilidad, etc. |
/ Simona Levi |
| 260 ## - PUBLICACIÓN, DISTRIBUCIÓN, ETC. (PIE DE IMPRENTA) |
| Lugar de publicación, distribución, etc. |
Barcelona : |
| Nombre del editor, distribuidor, etc. |
Raig Verd, |
| Fecha de publicación, distribución, etc. |
2024 |
| 300 ## - DESCRIPCIÓN FÍSICA |
| Extensión |
230 pàgines |
| 490 ## - MENCIÓN DE SERIE |
| Mención de serie |
Ciclogènesi |
| Designación de volumen o secuencia |
; 34 |
| 505 ## - NOTA DE CONTENIDO CON FORMATO |
| Nota de contenido con formato |
Obra basada en el treball de la mateixa autora publicat el 2021: Proposal for a Sovereign and Democratic Digitalisation of Europe (en línia a https://op.europa.eu/en/publication-detail/-/publication/dae77969-7812-11ec-9136-01aa75ed71a1) |
| 650 #0 - PUNTO DE ACCESO ADICIONAL DE MATERIA - TÉRMINO DE MATERIA |
| 9 (RLIN) |
3508 |
| Término de materia o nombre geográfico como elemento inicial |
Tecnologia de la informació |
| Subdivisión de materia general |
Aspectes socials |
| 650 #0 - PUNTO DE ACCESO ADICIONAL DE MATERIA - TÉRMINO DE MATERIA |
| 9 (RLIN) |
3364 |
| Término de materia o nombre geográfico como elemento inicial |
Tecnologia de la informació |
| Subdivisión de materia general |
Aspectes polítics |
| 650 #0 - PUNTO DE ACCESO ADICIONAL DE MATERIA - TÉRMINO DE MATERIA |
| 9 (RLIN) |
4283 |
| Término de materia o nombre geográfico como elemento inicial |
Tecnologia de la informació |
| Subdivisión de materia general |
Dret i legislació |
| 650 #0 - PUNTO DE ACCESO ADICIONAL DE MATERIA - TÉRMINO DE MATERIA |
| 9 (RLIN) |
3902 |
| Término de materia o nombre geográfico como elemento inicial |
Internet |
| Subdivisión de materia general |
Aspectes socials |
| 650 #0 - PUNTO DE ACCESO ADICIONAL DE MATERIA - TÉRMINO DE MATERIA |
| 9 (RLIN) |
3904 |
| Término de materia o nombre geográfico como elemento inicial |
Internet |
| Subdivisión de materia general |
Aspectes polítics |
| 650 #0 - PUNTO DE ACCESO ADICIONAL DE MATERIA - TÉRMINO DE MATERIA |
| 9 (RLIN) |
4160 |
| Término de materia o nombre geográfico como elemento inicial |
Internet |
| Subdivisión de materia general |
Dret i legislació |
| 942 ## - ENTRADA DE ELEMENTOS AGREGADOS (KOHA) |
| Fuente de clasificaión o esquema |
|
| Koha [por defecto] tipo de item |
Monografies |